000 00655nam a2200241 i 4500
001 C2-0129787
003 PPAK
005 20180727121533.0
008 970930s1981 si a|||| ||||| | eng d
020 _a9971650681
040 _aPPAK
_beng
_cPPAK
_erda
082 0 4 _a428.6
_223
090 0 0 _a428.6
_bDEL
_dK
100 1 _aDeletaille, Quentin,
_eauthor
245 1 0 _aMy friend, shadow
264 1 _aSingapore :
_bTimes Books International ,
_c1981
300 _a[15 pages] :
_bcolour illustrations ;
_c21 cm
336 _2rdacontent
_atext
337 _2rdamedia
_aunmediated
338 _2rdacarrier
_avolume
650 1 0 _aReaders
942 _ddc
_cB
999 _c39761
_d39761